Roger Waters Quiz - Statistics

General Stats
  • This quiz has been taken 124 times
  • The average score is 9 of 15
Answer Stats
Hint Answer % Correct
Instrument he played in that band bass guitar
97%
Band he co-founded in 1965 Pink Floyd
95%
Album he performed there The Wall
95%
City where in 1990 he staged one of the largest rock concerts ever Berlin
74%
The album he dedicated to his father The Final Cut
68%
1984 solo album The Pros and Cons of Hitch Hiking
67%
First album he wrote the lyrics for The Dark Side of the Moon
64%
Country he is critical of Israel
62%
1992 solo album Amused to Death
60%
1987 solo album Radio K.A.O.S.
58%
Concert at which he reunited with his band Live 8
54%
Birth name George Roger Waters
51%
2017 solo album Is This the Life We Really Want?
50%
2005 opera Ça Ira
39%
Producer of that album Nigel Godrich
12%
No matching quizzes found
Score Distribution
Percent of People with Each Score
Percentile by Number Answered
Your Score History
You have not taken this quiz